Rǧimen jurd̕ico del transporte mart̕imo de pasajeros Contratos de pasaje y crucero /

Detalles Bibliográficos
Autor principal: Olmedo Peralta, Eugenio
Formato: eBook
Lenguaje:español
Publicado: Madrid: Marcial Pons, 2014
Materias:
Acceso en línea:Acceso restringido

MARC

LEADER 00000nam a22000007a 4500
005 20211004213512.0
007 cr|||| ||||
008 211004s2014 es |||||s|||| 00||0 spa d
020 |a 978-84-9123-832-4 
035 |a 33576 
040 |a vLex 
090 |c 12483  |d 12483 
100 1 |a Olmedo Peralta, Eugenio 
245 1 0 |a Rǧimen jurd̕ico del transporte mart̕imo de pasajeros  |h [Recurso electrn̤ico] :  |b Contratos de pasaje y crucero /  |c Eugenio Olmedo Peralta 
256 |a Servicio en ln̕ea 
260 |a Madrid:  |b Marcial Pons,  |c 2014 
300 |a 1 recurso electrn̤ico 
506 1 |a Disponible solo en los productos indicados  |d vLex Global  |d vLex Global (Academic Edition, excluding Law Schools)  |d vLex Global (U.S. Academic Edition, Law Schools)  |d vLex Global (U.S. Academic Edition, excluding Law Schools)  |d vLex Global (Academic Edition, Law Schools) 
650 0 4 |a Transportes  |z Espaą 
740 0 |a vLex Libros (Servicio en ln̕ea) 
856 4 0 |u https://app.vlex.com/#/sources/33576  |z Acceso restringido 
942 |c BOOK 
999 0 |a Transportation